000 00537nam a22001817a 4500
005 20240117102439.0
008 221216b |||||||| |||| 00| 0 eng d
020 _a978-81-775-8957-3
041 _aeng
082 _a547 FUR-V
100 _aFURNISS , BRAINS .,HANNAFORD ANTONY J., SMITH, PETER W.G. AND TATCHELL
_98388
245 _aVOGEL'S TEXTBOOK OF PRACTICAL ORGANIC CHEMISTRY
250 _a5th ed.
260 _bPEARSON INDIA EDUCATION
_c2022
300 _a1514;P.
650 _aPHARMACY
_xB.PHARMA & D.PHARMA
942 _cBK
999 _c8062
_d8060